Statistics for UEFA Member Nations by Badge

Click here to take the quiz!

General Stats

  • This quiz has been taken 261 times
  • The average score is 42 of 55

Answer Stats

Answer% Correct
Turkey
99%
Germany
97%
Albania
96%
Croatia
96%
England
96%
Italy
96%
Sweden
96%
Belgium
95%
Finland
95%
Greece
95%
Norway
95%
Portugal
95%
France
94%
Wales
94%
Cyprus
93%
Netherlands
93%
Spain
93%
Austria
92%
Ireland
91%
Slovakia
91%
Bosnia & Herzegovina
89%
Scotland
89%
Montenegro
84%
Hungary
83%
Poland
83%
Northern Ireland
82%
Azerbaijan
80%
Slovenia
80%
Ukraine
79%
Andorra
78%
Belarus
76%
Denmark
75%
Moldova
74%
Armenia
72%
Russia
71%
Switzerland
68%
Czech Republic
67%
Kazakhstan
64%
Iceland
63%
Serbia
63%
Romania
61%
North Macedonia
59%
San Marino
59%
Kosovo
57%
Liechtenstein
57%
Israel
56%
Latvia
53%
Malta
53%
Georgia
50%
Estonia
49%
Luxembourg
49%
Lithuania
43%
Faroe Islands
41%
Gibraltar
41%
Bulgaria
37%

Score Distribution

Percentile by Number Answered

Percent of People with Each Score

Your Score History

You have not taken this quiz